Statistical modelling with quantile functions / (رقم التسجيلة. 952)

تفاصيل مارك
000 -الفاتح
حقل البيانات ثابتة الطول 00733cam a22002534a 4500
001 - رقم الضبط
رقم الضبط 43552792
003 - محدد رقم الضبط
رقم الضبط OCoLC
005 - وقت وتاريخ اخر تعامل مع التسجيلة
رقم الضبط 20150408113724.0
007 - الحقل الثابت للوصف المادى- معلومات عامة
حقل البيانات ثابتة الطول cr mnu
008 - عناصر البيانات ثابتة الطول - معلومات عامة
حقل البيانات ثابتة الطول 000218s2000 flua b 001 0 eng
010 ## - رقم ضبط مكتبة الكونجرس
رقم ضبط مكتبة الكونجرس 00023728
020 ## - الرقم الدولى المعيارى للكتب
الرقم الدولى المعيارى للكتاب 1584881747 (acidfree paper)
040 ## - مصدر الفهرسة
وكالة الفهرسة الأصلية DLC
وكالة النسخ DLC
042 ## - رمز التحقق
رمز التحقق pcc
050 00 - رقم طلب مكتبة الكونجرس
رقم التصنيف QA276.7
رقم المادة .G55 2000
082 00 - رقم تصنيف ديوى العشرى
رقم التصنيف 519.2
رقم الطبعة 21
100 1# - المدخل الرئيسى - إسم شخصى
الإسم الشخصى Gilchrist, Warren,
التواريخ المصاحبة للاسم 1932-
9 (RLIN) 4481
245 10 - بيان العنوان
العنوان Statistical modelling with quantile functions /
بيان المسئوليه,etc Warren G. Gilchrist.
260 ## - PUBLICATION, DISTRIBUTION, ETC. (IMPRINT)
مكان الناشر او الموزع Boca Raton
اسم الناشر او الموزع Chapman & Hall/CRC,
تاريخ النشر أو التوزيع c2000.
300 ## - الوصف المادى
التعداد xx, 320 p.
تفاصيل ماديه اخرى للوعاء ill. ;
أبعاد الوعاء 24 cm.
650 ## - المدخل الاضافى بالموضوع-مصطلح موضوعى
مصطلح موضوعي أو اسم جغرافي كعنصر مدخل Distribution (Probability theory)
9 (RLIN) 4482
650 ## - المدخل الاضافى بالموضوع-مصطلح موضوعى
مصطلح موضوعي أو اسم جغرافي كعنصر مدخل Sampling (Statistics)
9 (RLIN) 4483
942 ## - عناصر المدخل الإضافي( كوها)
مصدر التصنيف او مخطط الترفيف Dewey Decimal Classification
Koha [default] item type DVD
المقتنيات
حالة الفقد نموذج السعر الفعال حالة تلف ليس للاعارة رقم الطلب تاريخ الاكتساب الموقع الحالي الباركود الفرع الرئيسي Date last seen نوع المادة فى نظام كوها مصدر التصنيف او خطة الترفيف Total Checkouts
  2013-03-10     519.2 G W S 2011-09-14 المكتبة المركزية بالمجمعة (CL) 00049565 المكتبة المركزية بالمجمعة (CL) 2013-03-10 كتاب Dewey Decimal Classification  
  2013-03-10     519.2 G W S 2011-09-19 المكتبة المركزية بالمجمعة (CL) 00049566 المكتبة المركزية بالمجمعة (CL) 2013-03-10 كتاب Dewey Decimal Classification  
  2013-03-10     519.2 G W S 2011-09-19 المكتبة المركزية بالمجمعة (CL) 00049567 المكتبة المركزية بالمجمعة (CL) 2013-03-10 كتاب Dewey Decimal Classification  
  2013-03-10     519.2 G W S 2011-09-19 المكتبة المركزية بالمجمعة (CL) 00049568 المكتبة المركزية بالمجمعة (CL) 2013-03-10 كتاب Dewey Decimal Classification  
  2013-03-10     519.2 G W S 2011-09-19 المكتبة المركزية بالمجمعة (CL) 00049569 المكتبة المركزية بالمجمعة (CL) 2013-03-10 كتاب Dewey Decimal Classification